[Event "Titled Tue 27th May Late"]
[Site "chess.com INT"]
[Date "2025.05.27"]
[Round "5"]
[White "Naranjo Moreno, Antonio"]
[Black "Pereyra, Horacio"]
[Result "1-0"]
[WhiteTitle "FM"]
[WhiteElo "2289"]
[BlackElo "2133"]
[WhiteFideId "2278626"]
[BlackFideId "113700"]
[EventDate "2025.05.27"]

1. e4 c6 2. d4 d5 3. Nc3 dxe4 4. Nxe4 Nf6 5. Nxf6+ exf6 6. c3 Bd6 7. Bd3 O-O 8.
Qc2 Re8+ 9. Ne2 h5 10. Be3 Nd7 11. O-O-O Nf8 12. c4 b6 13. Kb1 Qc7 14. c5 Be7
15. d5 cxd5 16. cxb6 Qxc2+ 17. Bxc2 axb6 18. Nf4 Be6 19. Nxd5 Bd8 20. a3 b5 21.
Rhe1 Ng6 22. f4 f5 23. g3 Ne7 24. Nb4 Ba5 25. Bc5 Rac8 26. Bxe7 Rxe7 27. Re5
Bxb4 28. axb4 Ra7 29. Rxb5 Ba2+ 30. Kc1 Rac7 31. Rc5 Rxc5 32. bxc5 Rxc5 33. Rd8+
Kh7 34. Kd2 Be6 35. b4 Rb5 36. Kc3 h4 37. Bd3 Rb7 38. gxh4 Kg6 39. b5 Kf6 40.
Kb4 Ke7 41. Rg8 Rd7 42. Kc3 Rc7+ 43. Kb4 Rd7 44. Be2 Rd4+ 45. Kc5 Rd2 46. Bf1
Rf2 47. Bd3 Rd2 48. Kd4 Rb2 49. Kc3 Rb3+ 50. Kc2 Rb4 51. Kc3 Rxf4 52. b6 Bd5 53.
Rxg7 Rf3 54. Rg3 Rf4 55. Re3+ Kd6 56. Re8 Kc5 57. Re5 Kd6 58. Rxd5+ Kxd5 59. b7 1-0

[Event "Titled Tue 27th May Late"]
[Site "chess.com INT"]
[Date "2025.05.27"]
[Round "5"]
[White "Kleimenov, Nikolay"]
[Black "Karas, Marek"]
[Result "0-1"]
[WhiteTitle "CM"]
[BlackTitle "FM"]
[WhiteElo "2198"]
[BlackElo "2200"]
[WhiteFideId "34414223"]
[BlackFideId "14928558"]
[EventDate "2025.05.27"]

1. e4 e6 2. d4 d5 3. Nc3 Nf6 4. Bg5 dxe4 5. Nxe4 Be7 6. Nxf6+ Bxf6 7. Bxf6 Qxf6
8. Nf3 O-O 9. Qe2 c5 10. O-O-O cxd4 11. Nxd4 e5 12. Nb5 Nc6 13. Qe3 Bf5 14. Bd3
Bxd3 15. Rxd3 a6 16. Nd6 Nb4 17. Rd2 Nxa2+ 18. Kb1 Nb4 19. c3 Qg6+ 20. Ne4 Nc6
21. Ka1 Qxg2 22. Rdd1 f5 23. Nc5 f4 24. Qe2 Qh3 25. Nxb7 Kh8 26. Nd6 Qe6 27. Ne4
Na5 28. b4 Nc4 29. Nc5 Qg8 30. Rd7 a5 31. b5 Nb6 32. Rg1 Nxd7 33. Nxd7 Rfe8 34.
Nf6 Qb3 35. Nxe8 Rxe8 36. Qb2 Qa4+ 37. Kb1 Qe4+ 38. Ka2 Qc4+ 39. Qb3 Qe2+ 40.
Ka3 Qxf2 41. Qf7 Qc5+ 42. Ka4 Qf8 43. Qd7 Rd8 44. Qe6 Re8 45. Qd5 e4 46. Qd4 e3
47. Re1 f3 48. Qd3 e2 49. Qd2 f2 50. Rxe2 Rxe2 51. Qxe2 f1=Q 52. Qe6 Qa1+ 53.
Kb3 Qb1+ 54. Ka4 Qa1+ 55. Kb3 Qaa3+ 56. Kc4 Qa2+ 57. Kd4 Qxe6 58. b6 Qxb6+ 59.
Kd5 Qc7 60. c4 Qfd6+ 61. Ke4 Qxc4+ 62. Ke3 Qdb4 0-1

[Event "Titled Tue 27th May Late"]
[Site "chess.com INT"]
[Date "2025.05.27"]
[Round "5"]
[White "Kislinsky, Alexey"]
[Black "Bian, Alex"]
[Result "1-0"]
[WhiteTitle "GM"]
[BlackTitle "FM"]
[WhiteElo "2350"]
[BlackElo "2342"]
[WhiteFideId "14108801"]
[BlackFideId "2056372"]
[EventDate "2025.05.27"]

1. d4 Nf6 2. c4 e6 3. Nf3 c5 4. g3 a6 5. Bg2 d5 6. dxc5 Bxc5 7. O-O O-O 8. a3
dxc4 9. Qxd8 Rxd8 10. Ne5 Nbd7 11. Nxc4 Rb8 12. Bf4 Ra8 13. Rd1 Re8 14. Nc3 e5
15. Be3 Bxe3 16. Nxe3 Rb8 17. Rac1 b5 18. Bc6 Rf8 19. Ncd5 Nxd5 20. Nxd5 Nb6 21.
Nxb6 Rxb6 22. Bd5 g6 23. b4 Kg7 24. Rc7 Be6 25. Bxe6 Rxe6 26. Rdd7 h5 27. h4 Kf6
28. Kg2 e4 29. e3 Kg7 30. Ra7 Kf6 31. Rdc7 Kg7 32. Re7 Rxe7 33. Rxe7 Kf6 34.
Rxe4 Rc8 35. Rd4 Ke6 36. Rd3 Rc2 37. Kf3 Rc4 38. e4 Ke5 39. Rd5+ Ke6 40. Rd3 Ke5
41. Rd7 Rc3+ 42. Kg2 Ke6 43. Ra7 Rxa3 44. f3 Ra2+ 45. Kh3 Ra3 46. Kg2 Ra2+ 47.
Kh3 Kf6 48. g4 hxg4+ 49. Kxg4 Rg2+ 50. Kf4 Ra2 51. Kg4 Ra4 52. f4 Ke6 53. e5 Ra1
54. Kf3 Ra3+ 55. Kg4 Ra1 56. Kg5 Rg1+ 57. Kh6 Rf1 58. Rxa6+ Kf5 59. Rf6+ Ke4 60.
Rxf7 Kd5 61. Kxg6 Rb1 62. h5 Rxb4 63. h6 Rb1 64. h7 Rh1 65. Kg7 Rg1+ 66. Kf8 Rh1
67. Kg8 b4 68. h8=Q Rxh8+ 69. Kxh8 b3 70. Rb7 1-0

[Event "Titled Tue 27th May Late"]
[Site "chess.com INT"]
[Date "2025.05.27"]
[Round "5"]
[White "Barrientos, Ernesto"]
[Black "Chernobay, Artem"]
[Result "0-1"]
[WhiteTitle "CM"]
[BlackTitle "GM"]
[WhiteElo "2027"]
[BlackElo "2454"]
[WhiteFideId "3701247"]
[BlackFideId "4167406"]
[EventDate "2025.05.27"]

1. e4 d6 2. d4 Nf6 3. Nc3 e5 4. Nf3 Nbd7 5. Bc4 Be7 6. O-O O-O 7. Bb3 c6 8. Re1
Qc7 9. Bg5 Re8 10. Qd2 Nf8 11. h3 h6 12. Bh4 Ng6 13. Bg3 Nh5 14. Bh2 b5 15. a3
a6 16. Rad1 Rf8 17. Ne2 Qb6 18. c3 Qc7 19. Ng3 Nxg3 20. Bxg3 Kh7 21. Qd3 c5 22.
Qd2 c4 23. Bc2 Bb7 24. a4 Rad8 25. axb5 axb5 26. Ra1 Bf6 27. d5 Ra8 28. h4 Rfb8
29. h5 Nf8 30. Bh4 Qe7 31. g3 Nd7 32. Kg2 Nc5 33. Qe3 Bc8 34. Bxf6 Qxf6 35. Nh4
Bg4 36. f4 Bxh5 37. Nf5 Bg4 38. Nxd6 Qxd6 39. fxe5 Qb6 40. Rxa8 Rxa8 41. Qf4 Bh5
42. g4 Bg6 43. Rf1 Nd3 44. Qg3 Ra2 45. Bxd3 cxd3 46. Qxd3 Rxb2+ 47. Kg3 Qc7 48.
Qd4 Re2 49. Rf4 Qd7 50. Kf3 Re1 51. Qd2 Rb1 52. Qd3 Rb2 53. Qd4 b4 54. cxb4 Rb3+
55. Kg2 Qb5 56. Rf2 Rd3 57. Qa7 Bxe4+ 58. Kh2 Bxd5 0-1

[Event "Titled Tue 27th May Late"]
[Site "chess.com INT"]
[Date "2025.05.27"]
[Round "5"]
[White "Povshednyi, Ivan"]
[Black "Bluebaum, Matthias"]
[Result "1/2-1/2"]
[WhiteTitle "FM"]
[BlackTitle "GM"]
[WhiteElo "2320"]
[BlackElo "2660"]
[WhiteFideId "14190907"]
[BlackFideId "24651516"]
[EventDate "2025.05.27"]

1. Nf3 d5 2. g3 e6 3. Bg2 Nf6 4. O-O Bd6 5. d4 O-O 6. c4 Nc6 7. Nbd2 a5 8. a3 a4
9. Qc2 Bd7 10. Rd1 Na5 11. Rb1 h6 12. h3 Re8 13. Ne5 Nc6 14. Nxd7 Qxd7 15. Nf3
dxc4 16. Qxc4 Qe7 17. Bf4 Nd5 18. e3 Nb6 19. Qc2 Rab8 20. Rbc1 Rec8 21. Qd2 g5
22. Bxd6 cxd6 23. e4 d5 24. exd5 Nxd5 25. h4 gxh4 26. Nxh4 Qg5 27. Bxd5 exd5 28.
Qxg5+ hxg5 29. Nf5 Kh7 30. Nd6 Rc7 31. Kg2 Kg6 32. Rc5 Rd7 33. Nb5 Re8 34. Nc3
Ra8 35. Rd2 f5 36. Rxd5 Rxd5 37. Nxd5 Rd8 38. Nb6 Rxd4 39. Rxd4 Nxd4 40. Nxa4 f4
41. Nc5 b5 42. b3 Kf5 43. a4 bxa4 44. bxa4 Nc6 45. gxf4 gxf4 46. f3 Ke5 47. Nd3+
Kf5 48. Kf2 Na5 49. Ke2 Nc6 50. Nc5 Ke5 51. Nd3+ Kf5 52. Kf2 Na5 53. Nb4 Ke5 54.
Kg2 Kf5 55. Nd5 Ke5 56. Ne7 Kd4 57. Kh3 Kc4 58. Kg4 Kb4 59. Kxf4 Kxa4 60. Ke4
Kb5 61. f4 Kc5 62. Ke5 Nc4+ 63. Ke6 Ne3 64. Nf5 Ng2 65. Ke5 Nxf4 1/2-1/2

[Event "Titled Tue 27th May Late"]
[Site "chess.com INT"]
[Date "2025.05.27"]
[Round "5"]
[White "Lazavik, Denis"]
[Black "Rasulov, Vugar"]
[Result "1-0"]
[WhiteTitle "GM"]
[BlackTitle "GM"]
[WhiteElo "2577"]
[BlackElo "2485"]
[WhiteFideId "13515110"]
[BlackFideId "13402390"]
[EventDate "2025.05.27"]

1. d4 d5 2. c4 c6 3. Nf3 Nf6 4. Qc2 dxc4 5. Qxc4 Bg4 6. Nc3 Nbd7 7. Bf4 e6 8. e4
Qa5 9. Qd3 Bxf3 10. gxf3 e5 11. Bd2 exd4 12. Qxd4 Bc5 13. Qa4 Qb6 14. O-O-O Bxf2
15. f4 Be3 16. e5 Bxd2+ 17. Rxd2 Nc5 18. Qc4 Nd5 19. Nxd5 cxd5 20. Rxd5 Rc8 21.
Kb1 O-O 22. Bh3 Rc6 23. Rhd1 a5 24. Rd6 h6 25. Bf5 Rxd6 26. exd6 Rd8 27. Qd4 Nd7
28. Qe4 Nc5 29. Qd4 Nd7 30. Qc4 Qc5 31. Qd3 Nb6 32. d7 Nc4 33. Bh3 b5 34. Re1
Qc6 35. Qe2 Kh7 36. Bf5+ g6 37. Qe7 Kg7 38. Qxd8 Qg2 39. Qf8+ Kxf8 40. d8=Q+ Kg7
41. Qd4+ Kh7 42. Be4 Qxh2 43. Bd5 Nd6 44. a3 Nf5 45. Qd3 Qxf4 46. Bxf7 h5 47.
Be6 Ng7 48. Bb3 b4 49. Bc2 Qg4 50. Qe4 Qg5 51. axb4 axb4 52. Qxb4 h4 53. Qd4 Nh5
54. Rh1 Nf4 55. Rf1 Nh5 56. Rf7+ Kg8 57. Bb3 1-0

[Event "Titled Tue 27th May Late"]
[Site "chess.com INT"]
[Date "2025.05.27"]
[Round "5"]
[White "Ghoreishi Amiri, Seyed Kian"]
[Black "Kukhmazov, Arsen"]
[Result "1-0"]
[WhiteTitle "CM"]
[BlackTitle "IM"]
[WhiteElo "2215"]
[BlackElo "2467"]
[WhiteFideId "36757527"]
[BlackFideId "24108260"]
[EventDate "2025.05.27"]

1. e4 c6 2. d4 d5 3. exd5 cxd5 4. Bd3 Nc6 5. c3 Qc7 6. Nf3 Bg4 7. O-O e6 8. h3
Bh5 9. Nbd2 Bd6 10. Re1 Nge7 11. b4 Bg6 12. Bf1 O-O 13. a4 Rac8 14. Bb2 Nf5 15.
Nb3 Be7 16. a5 Nd6 17. b5 Nb8 18. Ne5 Nd7 19. Nxd7 Qxd7 20. Nc5 Qc7 21. Ba3 b6
22. axb6 axb6 23. Na4 Ra8 24. Bb4 Rfb8 25. Qb3 Ne4 26. Bxe7 Qxe7 27. Nxb6 Rxa1
28. Rxa1 Qc7 29. Na4 h5 30. Qb4 Qf4 31. Qb2 h4 32. Nc5 Qd6 33. Nxe4 Bxe4 34. Qa3
Qc7 35. Qc5 Qd8 36. Ra7 Rc8 37. Qb4 Rb8 38. Ra6 Qc8 39. Rc6 Qb7 40. Rc5 Qa7 41.
Qb2 Qa5 42. Qd2 Qa1 43. Rc7 Bg6 44. Qf4 Ra8 45. b6 Qb1 46. b7 Rf8 47. Qd6 Bd3
48. Qxf8+ Kxf8 49. Rc8+ Ke7 50. b8=Q Qxf1+ 51. Kh2 Qxf2 52. Qc7+ Kf6 53. Rf8 Kg6
54. Qe5 Be4 55. Qxe6+ f6 56. Qg4+ Kh6 57. Rh8+ Bh7 58. Qf3 Qd2 59. Qf5 g6 60.
Qxf6 Qe1 61. Qf8+ Kg5 62. Qd8+ Kh6 63. Qd6 Qf2 64. Rf8 Qe1 65. Rf7 Bg8 66. Qf4+ 1-0

[Event "Titled Tue 27th May Late"]
[Site "chess.com INT"]
[Date "2025.05.27"]
[Round "5"]
[White "Sharankov, Grigory"]
[Black "Makarian, Rudik"]
[Result "1/2-1/2"]
[WhiteTitle "CM"]
[BlackTitle "IM"]
[WhiteElo "2238"]
[BlackElo "2532"]
[WhiteFideId "4168356"]
[BlackFideId "44105681"]
[EventDate "2025.05.27"]

1. e4 c5 2. Nf3 d6 3. d4 cxd4 4. Qxd4 Nf6 5. h3 Nc6 6. Qe3 g6 7. Be2 Bg7 8. O-O
O-O 9. Rd1 Nd7 10. Nc3 b6 11. Nd5 Bb7 12. c4 Nc5 13. Rb1 e6 14. Nc3 Qe7 15. b4
Nd7 16. Nb5 Nde5 17. Nxd6 Nxf3+ 18. Bxf3 Rad8 19. c5 Ba8 20. Bb2 e5 21. a3 Nd4
22. Bxd4 exd4 23. Rxd4 Bxd4 24. Qxd4 bxc5 25. bxc5 Rb8 26. Rb4 Bc6 27. e5 Bxf3
28. gxf3 Qe6 29. Kg2 Rxb4 30. axb4 f6 31. f4 fxe5 32. fxe5 Qa2 33. c6 Qc2 34. b5
a6 35. e6 axb5 36. e7 Qxc6+ 37. Kh2 Re8 38. Qf6 Rxe7 39. Qxe7 Qf3 40. Qe6+ Kg7
41. Qe5+ Kg8 42. Qe8+ Kg7 43. Qd7+ Kg8 44. Qe6+ Kg7 45. Ne4 b4 46. Qe5+ Kg8 47.
Nf6+ Kf7 48. Ng4 h5 49. Qc7+ Kf8 50. Qd6+ Ke8 51. Nf6+ Kf7 52. Qd5+ Qxd5 53.
Nxd5 b3 54. Nc3 Ke6 55. Kg3 Ke5 56. Kf3 Kd4 57. Na4 Kc4 58. Ke3 Kb4 59. Nb2 Kc3
60. Nd3 g5 61. f3 Kc2 62. Ke2 Kc3 63. Ke3 Kc2 64. Nb4+ Kc3 65. Nd3 1/2-1/2

[Event "Titled Tue 27th May Late"]
[Site "chess.com INT"]
[Date "2025.05.27"]
[Round "5"]
[White "Manolache, Marius"]
[Black "Dubnevych, Maksym"]
[Result "1-0"]
[WhiteTitle "GM"]
[BlackTitle "FM"]
[WhiteElo "2408"]
[BlackElo "2292"]
[WhiteFideId "1201530"]
[BlackFideId "14184001"]
[EventDate "2025.05.27"]

1. d4 d5 2. c4 e6 3. Nc3 Nf6 4. cxd5 exd5 5. Bg5 Be7 6. e3 O-O 7. Qc2 h6 8. Bf4
c6 9. h3 Re8 10. Bd3 a5 11. Nge2 Na6 12. a3 Bd6 13. O-O Nc7 14. Rae1 Ne6 15. Be5
Ng5 16. Bxd6 Qxd6 17. Nf4 Bd7 18. Rd1 Re7 19. Qb3 b5 20. Qc2 Rae8 21. Rc1 Ne6
22. Nxe6 Qxe6 23. Ne2 Nh5 24. g4 Nf6 25. Bf5 Qd6 26. Bxd7 Rxd7 27. Qxc6 Qe7 28.
Ng3 g6 29. Rc5 Rd6 30. Qxb5 h5 31. g5 Ne4 32. Nxe4 Qxe4 33. Kh2 Rdd8 34. Qc6 Re6
35. Qc7 Rde8 36. Qd7 Qd3 37. Kg2 Qd2 38. Rc7 Rf8 39. Kg1 Qxb2 40. Qxd5 Qxa3 41.
Ra7 a4 42. Qc4 Qd6 43. Qxa4 Re4 44. Ra8 Qe6 45. Rxf8+ Kxf8 46. Qb4+ Kg7 47. Qb7
Qf5 48. Qc6 Qxg5+ 49. Kh2 Qf5 50. Kg2 Qg5+ 51. Kf3 Re6 52. Qc5 Qh4 53. Kg2 Qe4+
54. Kh2 Qf3 55. d5 Re5 56. Qd4 Qxd5 57. Rd1 Qe6 58. f4 Qa2+ 59. Rd2 Qb1 60.
Qxe5+ Kh7 61. Qd4 Qb3 62. Qd3 Qa2 63. Rxa2 Kh6 64. Ra7 h4 65. Qd8 Kh5 66. Qg5# 1-0

[Event "Titled Tue 27th May Late"]
[Site "chess.com INT"]
[Date "2025.05.27"]
[Round "5"]
[White "Przybylski, Wojciech"]
[Black "Erece, Ece Alkim"]
[Result "1/2-1/2"]
[WhiteTitle "FM"]
[BlackTitle "WCM"]
[WhiteElo "2340"]
[BlackElo "1843"]
[WhiteFideId "1117599"]
[BlackFideId "6346006"]
[EventDate "2025.05.27"]

1. d4 Nf6 2. c4 c5 3. d5 b5 4. Qc2 bxc4 5. e4 g6 6. Nf3 d6 7. Nfd2 Bg7 8. Nxc4
O-O 9. Bd3 Nbd7 10. O-O a5 11. Nc3 Ba6 12. Ne3 Bxd3 13. Qxd3 Ne5 14. Qc2 Qc8 15.
h3 Qa6 16. f4 Nd3 17. Rd1 Nxf4 18. a4 Rab8 19. Nf5 Nxh3+ 20. gxh3 gxf5 21. exf5
Qc4 22. Be3 Kh8 23. Rd2 Rg8 24. Kh1 Nh5 25. Rg2 Be5 26. Ne4 Qxc2 27. Rxc2 Ng3+
28. Nxg3 Rxg3 29. Bf2 Rxh3+ 30. Kg2 Rhb3 31. Re1 Rxb2 32. Rxb2 Rxb2 33. Kf3 Rb4
34. Be3 Rxa4 35. Bh6 Rh4 36. Bg5 Rh3+ 37. Kg4 Rg3+ 38. Kh5 f6 39. Bh6 a4 40. Bd2
Rb3 41. Re4 Bd4 42. Rxe7 Kg8 43. Kg4 a3 44. Bh6 Be5 45. Rg7+ Kh8 46. Ra7 Rg3+
47. Kh4 Rg8 48. Rxa3 c4 49. Ra4 c3 50. Rc4 Ra8 51. Rc7 Rg8 52. Kh5 Bd4 53. Rc6
Be5 54. Rc7 Bd4 55. Bf4 Be5 56. Be3 Re8 57. Bh6 Rg8 58. Kh4 Bd4 59. Kh5 Be5 60.
Rc6 Bd4 61. Rc4 Be5 62. Be3 Re8 63. Bh6 Rg8 64. Rc6 Bd4 65. Bf4 Be5 66. Be3 Re8
67. Bc1 Rg8 68. Rc7 Bg3 69. Bh6 Be5 1/2-1/2

[Event "Titled Tue 27th May Late"]
[Site "chess.com INT"]
[Date "2025.05.27"]
[Round "5"]
[White "Hartge, Gedeon"]
[Black "Duarte Cramer, Lily Jeanette"]
[Result "1-0"]
[WhiteTitle "FM"]
[BlackTitle "WCM"]
[WhiteElo "2328"]
[BlackElo "1828"]
[WhiteFideId "12932116"]
[BlackFideId "29620180"]
[EventDate "2025.05.27"]

1. e4 c5 2. Nc3 d6 3. d4 cxd4 4. Qxd4 Nc6 5. Qd2 g6 6. b3 Bh6 7. f4 Nf6 8. Bb2
O-O 9. O-O-O e5 10. g3 Re8 11. Bg2 Nd4 12. Kb1 Bg4 13. Re1 Rc8 14. h3 Bd7 15.
Nge2 Nxe2 16. Rxe2 Bc6 17. Rf1 b5 18. Qd3 b4 19. Nd5 Nxd5 20. exd5 Bd7 21. fxe5
dxe5 22. Rxe5 Rxe5 23. Bxe5 Bf5 24. Rxf5 gxf5 25. Qxf5 Bg7 26. Bxg7 Kxg7 27. Be4
Kf8 28. Qxh7 Qf6 29. Bd3 Rd8 30. Qe4 Qg5 31. Qxb4+ Kg8 32. Bc4 Qxg3 33. Qa5 Qg1+
34. Kb2 Qd4+ 35. Qc3 Qg1 36. a4 Kh7 37. a5 Rg8 38. a6 Rg7 39. Qd3+ Kh8 40. d6
Rg8 41. d7 Rd8 42. Ka2 Qg7 43. b4 f6 44. Kb3 Rxd7 45. Qf5 Re7 46. Qh5+ Qh7 47.
Qxh7+ Kxh7 48. b5 Kh6 49. Bd5 Kg5 50. c4 Kf4 51. c5 Ke5 52. Bb7 Kd4 53. b6 Kxc5
54. bxa7 Re3+ 55. Kc2 Re2+ 56. Kd3 Re8 57. a8=Q Rxa8 58. Bxa8 Kb6 59. Bb7 f5 60.
Ke3 f4+ 61. Kxf4 Ka7 62. h4 Kb6 63. h5 Ka7 64. h6 Kb6 65. h7 Ka7 66. Kg5 Kb6 67.
Kg6 Ka7 68. Kg7 Kb6 69. Be4 Ka7 70. Bg6 Kb6 71. h8=Q Ka7 72. Qc8 Kb6 73. Qb7+
Ka5 74. a7 Ka4 75. a8=Q# 1-0

[Event "Titled Tue 27th May Late"]
[Site "chess.com INT"]
[Date "2025.05.27"]
[Round "5"]
[White "Paval, George"]
[Black "Provaznik, Michal"]
[Result "0-1"]
[BlackTitle "CM"]
[WhiteElo "2139"]
[BlackElo "2050"]
[WhiteFideId "1214233"]
[BlackFideId "315273"]
[EventDate "2025.05.27"]

1. Nf3 d5 2. e3 Nc6 3. d4 g6 4. c4 Nf6 5. cxd5 Nxd5 6. Nc3 Bg7 7. Be2 O-O 8. O-O
Nxc3 9. bxc3 e5 10. Rb1 exd4 11. cxd4 b6 12. Ba3 Re8 13. Qa4 Bd7 14. Bb5 Nb8 15.
Bxd7 Qxd7 16. Qxd7 Nxd7 17. Rbc1 Rac8 18. Rc2 Bf8 19. Bxf8 Kxf8 20. Rfc1 c5 21.
Ne1 Ke7 22. Nd3 Kd6 23. dxc5+ Nxc5 24. Nf4 Rcd8 25. Ne2 Ke7 26. Nd4 Rd6 27. g3
Red8 28. Kg2 f5 29. h4 Ne6 30. Nf3 Nc5 31. h5 Rd3 32. hxg6 hxg6 33. Rh1 Kf6 34.
Rh7 R8d7 35. Rh8 Rd8 36. Rh6 Kg7 37. Rh1 Rd1 38. Rh2 Rh8 39. Nh4 Kf6 40. Nf3
Rxh2+ 41. Nxh2 Rd3 42. Nf3 Rd1 43. Nd4 Nd3 44. Rc6+ Kf7 45. Rc7+ Kf6 46. Nf3 Rb1
47. Rc6+ Kf7 48. Rd6 Nc5 49. Ng5+ Ke7 50. Rxg6 Rb2 51. a3 Nd3 52. Rg7+ Kf6 53.
Rg8 Rxf2+ 54. Kh3 Ne5 55. Nh7+ Kf7 56. Ra8 Ng4 57. Ng5+ Kg6 58. Kh4 Rh2+ 59. Nh3
Nf2 60. Rxa7 Rxh3# 0-1

[Event "Titled Tue 27th May Late"]
[Site "chess.com INT"]
[Date "2025.05.27"]
[Round "5"]
[White "Lisenkov, Svyatoslav"]
[Black "Klekowski, Maciej"]
[Result "1/2-1/2"]
[WhiteTitle "CM"]
[BlackTitle "GM"]
[WhiteElo "2241"]
[BlackElo "2474"]
[WhiteFideId "34264183"]
[BlackFideId "1132717"]
[EventDate "2025.05.27"]

1. e4 c5 2. Nf3 e6 3. Be2 Nc6 4. O-O Nf6 5. Nc3 a6 6. Re1 Be7 7. Bf1 O-O 8. e5
Ne8 9. d4 cxd4 10. Nxd4 Qc7 11. Nxc6 Qxc6 12. Bd3 d6 13. exd6 Nxd6 14. Bf4 Rd8
15. Qh5 g6 16. Qh6 Bd7 17. Rad1 Be8 18. Be5 f6 19. Bxd6 Rxd6 20. Ne4 Rd5 21. c4
Rh5 22. Qe3 Bf7 23. b3 Rd8 24. Be2 Rxd1 25. Rxd1 Re5 26. Bf3 Qc7 27. Qd4 Be8 28.
h4 Bc6 29. h5 Kg7 30. Qd3 Ra5 31. a4 Rf5 32. Ng3 Re5 33. Bxc6 Qxc6 34. hxg6 hxg6
35. Qd7 Kf7 36. Qxc6 bxc6 37. Rd7 Re1+ 38. Kh2 f5 39. Ra7 f4 40. Nh1 Rb1 41.
Rxa6 c5 42. Rb6 Bf6 43. f3 Bd4 44. Rb7+ Kf6 45. a5 Ra1 46. Rd7 Kg5 47. b4 Kh4
48. Rh7+ Kg5 49. bxc5 Rxa5 50. Rc7 Bxc5 51. g3 Ra2+ 52. Kh3 Bg1 53. gxf4+ Kxf4
54. Rf7+ Kg5 55. f4+ Kh6 56. Ng3 Rh2+ 57. Kg4 Rg2 58. Kf3 Rf2+ 59. Kg4 Rc2 60.
Rf6 Rg2 61. Kf3 Rf2+ 62. Kg4 Kg7 63. Rxe6 Rc2 64. Re7+ Kf6 65. Rc7 Rg2 66. Kf3
Rf2+ 67. Kg4 Rg2 68. Kh3 Rh2+ 69. Kg4 Rg2 1/2-1/2

[Event "Titled Tue 27th May Late"]
[Site "chess.com INT"]
[Date "2025.05.27"]
[Round "5"]
[White "Ansat, Aldiyar"]
[Black "Plat, Vojtech"]
[Result "1-0"]
[WhiteTitle "IM"]
[BlackTitle "GM"]
[WhiteElo "2489"]
[BlackElo "2482"]
[WhiteFideId "13715658"]
[BlackFideId "325740"]
[EventDate "2025.05.27"]

1. Nf3 d6 2. g3 Nf6 3. Bg2 g6 4. O-O Bg7 5. c4 O-O 6. Nc3 e5 7. d3 Re8 8. Bg5 h6
9. Bxf6 Bxf6 10. Rb1 Bg7 11. b4 c6 12. b5 Be6 13. Nd2 Qc7 14. bxc6 bxc6 15. Qa4
f5 16. Rb3 e4 17. dxe4 Nd7 18. exf5 Nc5 19. Qxc6 Qxc6 20. Bxc6 Nxb3 21. Nxb3
Bxc4 22. Ne4 d5 23. Nd6 Red8 24. Bxa8 Rxd6 25. fxg6 Rxg6 26. Rd1 Bxe2 27. Bxd5+
Kf8 28. Re1 Bg4 29. Re4 Bh3 30. Rh4 Rd6 31. Rxh3 Rxd5 32. Rh4 a5 33. Kg2 Re5 34.
Ra4 Re2 35. Rxa5 Bc3 36. Rf5+ Kg7 37. a4 Rb2 38. Nc5 Kg6 39. Rf3 Bd4 40. Ne6 Ba7
41. Nf4+ Kg7 42. Nd3 Ra2 43. Rf4 Rd2 44. Nb4 Be3 45. Rf3 Bc5 46. Nd3 Bb6 47. h4
Ra2 48. Rf4 Bc7 49. Rb4 Bd6 50. Rb7+ Kf8 51. Rb6 Ke7 52. Ra6 Rd2 53. Nf4 Bc5 54.
Rxh6 Rxf2+ 55. Kh3 Ra2 56. Ra6 Bd6 57. Ng6+ Kd7 58. h5 Ra3 59. Rxd6+ Kxd6 60. h6
Ra1 61. Kg4 Rh1 62. Nh4 Re1 63. h7 Re4+ 64. Kh5 Re5+ 65. Kh6 Re6+ 66. Ng6 Rxg6+
67. Kxg6 1-0

[Event "Titled Tue 27th May Late"]
[Site "chess.com INT"]
[Date "2025.05.27"]
[Round "5"]
[White "Fedorov, Artem Alek"]
[Black "Wu, Derek"]
[Result "1/2-1/2"]
[WhiteTitle "CM"]
[BlackTitle "FM"]
[WhiteElo "2198"]
[BlackElo "2232"]
[WhiteFideId "34418431"]
[BlackFideId "30914558"]
[EventDate "2025.05.27"]

1. e4 e5 2. Nf3 Nc6 3. Bb5 Nf6 4. O-O Nxe4 5. Re1 Nd6 6. a4 Be7 7. Nc3 O-O 8. d4
e4 9. Nxe4 Nxe4 10. Rxe4 d5 11. Re1 Bf5 12. c3 Bd6 13. Bg5 f6 14. Bh4 Ne7 15.
Bd3 Qd7 16. Bg3 Bxg3 17. hxg3 Rfe8 18. Qc2 Bxd3 19. Qxd3 Nf5 20. Nd2 c6 21. a5
a6 22. Nb3 Nd6 23. Nc5 Qf7 24. Qf3 Re7 25. Rxe7 Qxe7 26. b4 Re8 27. Qf4 Nb5 28.
Qf3 Qf7 29. g4 Re7 30. g3 Nd6 31. Kg2 Ne4 32. Nb3 Qg6 33. Rh1 h6 34. Nc5 Nxc5
35. bxc5 Re4 36. Rb1 Re7 37. Qf5 Qxf5 38. gxf5 h5 39. Kh3 Kh7 40. Kh4 Kh6 41. g4
Re4 42. f3 Re3 43. Kg3 Rxc3 44. Rxb7 Rd3 45. Rb8 hxg4 46. Kxg4 Rxd4+ 47. f4 g5
48. fxg6 Kxg6 49. Rb6 Rc4 50. Rxc6 d4 51. Rxa6 Rxc5 52. Rd6 Rxa5 53. Rxd4 Ra3
54. Rb4 Rc3 55. Ra4 Rc1 56. f5+ Kh6 57. Kf4 Kh5 58. Ra2 Rf1+ 59. Ke4 Rg1 60. Kf4
Rg4+ 61. Kf3 Kg5 62. Rg2 Rxg2 63. Kxg2 Kg4 64. Kf2 Kf4 65. Kg2 Kxf5 66. Kf3 Kg5
67. Kg3 Kg6 68. Kg4 Kf7 69. Kf5 Ke7 70. Kf4 Ke6 71. Ke4 Kd6 72. Kf5 Ke7 73. Kf4
Kf8 74. Kf5 Kf7 75. Kf4 Ke6 76. Ke4 f5+ 77. Kf4 Kf6 78. Kf3 Kg6 79. Kf4 Kf6 80.
Kf3 Kg5 81. Kg3 Kg6 82. Kf4 Kf6 1/2-1/2

[Event "Titled Tue 27th May Late"]
[Site "chess.com INT"]
[Date "2025.05.27"]
[Round "5"]
[White "Hernandez Leon, Sergio"]
[Black "Ghimoyan, Narek"]
[Result "1/2-1/2"]
[WhiteTitle "CM"]
[BlackTitle "CM"]
[WhiteElo "2106"]
[BlackElo "2273"]
[WhiteFideId "2285622"]
[BlackFideId "13315412"]
[EventDate "2025.05.27"]

1. Nf3 Nf6 2. b3 d5 3. Bb2 Bf5 4. g3 e6 5. Bg2 h6 6. O-O c6 7. d3 Nbd7 8. Nbd2
Bh7 9. Re1 Be7 10. e4 O-O 11. Qe2 a5 12. a3 a4 13. b4 c5 14. e5 Ne8 15. c3 b5
16. d4 cxb4 17. cxb4 Nc7 18. Nf1 Nb6 19. Ne3 Nc4 20. Nxc4 dxc4 21. Nd2 Nd5 22.
Ne4 Rc8 23. Rad1 Bxe4 24. Bxe4 Qd7 25. Bc1 Rfd8 26. Bc2 Bf8 27. Qf3 g6 28. h4 h5
29. g4 hxg4 30. Qxg4 Bg7 31. h5 gxh5 32. Qxh5 f5 33. exf6 Nxf6 34. Qh3 e5 35.
Bf5 Qc6 36. Be6+ Kf8 37. Bxc8 Qxc8 38. Qxc8 Rxc8 39. dxe5 Ne8 40. Rd5 Rb8 41. e6
Bf6 42. Bf4 Rc8 43. Rxb5 Bd4 44. Be3 Bb2 45. Rc5 Ra8 46. Bc1 Bf6 47. Rxc4 Rd8
48. Bf4 Rd3 49. b5 Rxa3 50. Rc8 Rb3 51. Bd6+ Be7 52. Bxe7+ Kxe7 53. Rc5 a3 54.
Ra1 Kxe6 55. Re1+ Kd7 56. Rd5+ Kc7 57. Rxe8 Rb1+ 58. Kg2 a2 59. Re7+ Kb6 60.
Rd6+ Kxb5 61. Ra7 a1=Q 62. Rxa1 Rxa1 63. f4 Kc5 64. Rd2 Ra3 65. Re2 Kd6 66. Re1
Rb3 67. Kf2 Ra3 68. Re4 Rb3 69. Re8 Kd7 70. Re5 Ra3 71. f5 Kd6 72. Re6+ Kd7 73.
Rb6 Ra5 74. f6 Ke8 75. Kf3 Kf7 76. Kf4 Rc5 77. Rd6 Ra5 78. Rb6 Ra4+ 79. Kf5 Ra5+
80. Kf4 1/2-1/2